Introduction to probability and statistics from a Bayesian viewpoint /
Guardado en:
| Autor Principal: | |
|---|---|
| Formato: | Libro |
| Idioma: | English |
| Publicado: |
Cambridge :
Cambridge University Press,
1965.
|
| Etiquetas: |
Agregar Etiqueta
Sin Etiquetas, Sea el primero en etiquetar este registro!
|
| LEADER | 00904cam a22002415a 4500 | ||
|---|---|---|---|
| 001 | MAT.inmabb002157 | ||
| 008 | 910816s1965####enk######b####001#0#eng#d | ||
| 005 | 20130320092738.0 | ||
| 245 | 1 | 0 | |a Introduction to probability and statistics from a Bayesian viewpoint / |c by D. V. Lindley. |
| 260 | |a Cambridge : |b Cambridge University Press, |c 1965. | ||
| 300 | |a 2 v. ; |c 23 cm. | ||
| 505 | 0 | |a Pt. 1. Probability. -- Pt. 2. Inference. | |
| 504 | |a Incluye referencias bibliográficas. | ||
| 510 | 4 | |a MR, |c 29 #5348 |3 (Pt. 1) | |
| 510 | 4 | |a MR, |c 29 #5349 |3 (Pt. 2) | |
| 020 | |a 0521055628 (Pt. 1) | ||
| 020 | |a 0521055636 (Pt. 2) | ||
| 100 | 1 | |a Lindley, D. V. |q (Dennis Victor), |d 1923- | |
| 084 | |a 62.00 (62.35) |2 MR | ||
| 010 | |a 64024313 | ||
| 859 | |h 62 |i L746 |p A-3819 |v 1 |3 Part 1 |b BIB. MATEMATICA | ||
| 859 | |h 62 |i L746 |p A-4063 |t Ej.2 |v 1 |3 Part 1 |b BIB. MATEMATICA | ||
| 859 | |h 62 |i L746 |p A-4064 |v 2 |3 Part 2 |b BIB. MATEMATICA | ||
